Un estilo ético (Record no. 73959)

MARC details
000 -LEADER
campo de control de longitud fija 00680nam a2200205 i 4500
001 - NÚMERO DE CONTROL
campo de control 73959
003 - IDENTIFICADOR DE NÚMERO DE CONTROL
campo de control ES-MaACL
005 - FECHA Y HORA DE LA ÚLTIMA TRANSACCIÓN
campo de control 20231221154435.0
007 - CAMPO FIJO DE DESCRIPCIÓN FÍSICA--INFORMACIÓN GENERAL
campo de control de longitud fija t|
008 - DATOS DE LONGITUD FIJA--INFORMACIÓN GENERAL
campo de control de longitud fija 040914s1982 sp f |||| |dspa d
100 1# - ENTRADA PRINCIPAL--NOMBRE DE PERSONA
Nombre de persona González Márquez, Felipe,
Fechas asociadas al nombre 1942-
9 (RLIN) 58780
245 13 - MENCIÓN DEL TÍTULO
Título Un estilo ético
Resto del título : conversaciones con Víctor Márquez Reviriego /
Mención de responsabilidad, etc. Felipe González Márquez.
250 ## - MENCION DE EDICION
Mención de edición 1ª ed.
260 ## - PUBLICACIÓN, DISTRIBUCIÓN, ETC.
Lugar de publicación, distribución, etc. [Barcelona] :
Nombre del editor, distribuidor, etc. Argos Vergara,
Fecha de publicación, distribución, etc. 1982.
300 ## - DESCRIPCIÓN FÍSICA
Extensión 216 p., 4 lám. ;
Dimensiones 22 cm.
600 04 - PUNTO DE ACCESO ADICIONAL DE MATERIA--NOMBRE DE PERSONA
Nombre de persona González Márquez, Felipe-
Fechas asociadas al nombre 1942-
Subdivisión de forma Entrevistas
9 (RLIN) 58782
700 1# - ENTRADA AGREGADA--NOMBRE PERSONAL
Nombre de persona Márquez Reviriego, Victor.
9 (RLIN) 77033
852 ## - LOCALIZACIÓN
Ubicación ES-MaACL
Número de control de estantería L-3654
Holdings
Estatus retirado Estado de pérdida Estado de daño No para préstamo Biblioteca de origen Biblioteca actual Ubicación en estantería Fecha de adquisición Fuente de adquisición Total de préstamos Signatura topográfica completa Código de barras Visto por última vez Precio de reemplazo Tipo de ítem Koha
        Biblioteca del Ateneo de Madrid Biblioteca del Ateneo de Madrid Depósito 2 17/01/2008     L-3654 1077415 23/02/2023 23/02/2023 Libro impreso